000 00493nam a22001817a 4500
003 MPLRDC
005 20220104124240.0
008 210129b ||||| |||| 00| 0 eng d
020 _a957-9188-05-X
082 _a577.23 GHHB c.2
100 _a光华画报杂志社编著
245 _a结在异乡的果实: 焦点华人
_c
250 _a再版
260 _a
_b光华画报杂志社
_c1991
300 _b
650 _a移民及侨民--各地华侨状况
942 _cBK
_o577.23 GHHB c.2
999 _c17816
_d17806